Biography of cassava at royal university of agriculture លក្ខណ:ជីវសាស្រ្តនៃដំណាំដំឡូងឈើក្នុងលក្ខ័ខណ្ខ័សាកលវិទ្យាល័យភូមិន្ទកសិកម្ម (Record no. 634)
[ view plain ]
| 000 -LEADER | |
|---|---|
| fixed length control field | 00592nam a22001457a 4500 |
| 003 - CONTROL NUMBER IDENTIFIER | |
| control field | OSt |
| 005 - DATE AND TIME OF LATEST TRANSACTION | |
| control field | 20150917110257.0 |
| 008 - FIXED-LENGTH DATA ELEMENTS--GENERAL INFORMATION | |
| fixed length control field | 150917b xxu||||| |||| 00| 0 eng d |
| 040 ## - CATALOGING SOURCE | |
| Transcribing agency | RUA |
| 082 ## - DEWEY DECIMAL CLASSIFICATION NUMBER | |
| Classification number | AGR SEN 2002 B023 Or.1 |
| 100 ## - MAIN ENTRY--PERSONAL NAME | |
| 9 (RLIN) | 658 |
| Personal name | SENG, BUNTHOEUN. |
| 245 ## - TITLE STATEMENT | |
| Title | Biography of cassava at royal university of agriculture លក្ខណ:ជីវសាស្រ្តនៃដំណាំដំឡូងឈើក្នុងលក្ខ័ខណ្ខ័សាកលវិទ្យាល័យភូមិន្ទកសិកម្ម |
| 300 ## - PHYSICAL DESCRIPTION | |
| Extent | 45p. |
| Other physical details | ill. |
| Dimensions | 29cm. |
| 942 ## - ADDED ENTRY ELEMENTS (KOHA) | |
| Source of classification or shelving scheme | |
| Koha item type | AGR |
| Price effective from | Date last seen | Permanent Location | Not for loan | Date acquired | Source of classification or shelving scheme | Koha item type | Lost status | Withdrawn status | Date last checked out | Total Checkouts | Shelving location | Damaged status | Barcode | Current Location | Full call number |
|---|---|---|---|---|---|---|---|---|---|---|---|---|---|---|---|
| 2015-09-17 | 2016-02-16 | Library Block B | 2015-09-17 | AGR | 2016-02-02 | 1 | B023 | RUA002733 | Library Block B | AGR SEN 2002 B023 Or.1 |